NCAA Basketball Scoring Leaders Since 2000 - Statistics

General Stats
  • This quiz has been taken 28 times
  • The average score is 5 of 25
Answer Stats
Year Answer Points School Class % Correct
2024 Zach Edey 983 Purdue SR
86%
2009 Stephen Curry 974 Davidson JR
67%
2014 Doug McDermott 934 Creighton SR
52%
2011 Jimmer Fredette 1,068 BYU SR
52%
2006 Adam Morrison 926 Gonzaga JR
48%
2018 Trae Young 876 Oklahoma FR
48%
2023 Antoine Davis 930 Detroit Mercy SR
38%
2021 Max Abmas 689 Oral Roberts SO
24%
2020 Markus Howard 806 Marquette SR
19%
2019 Chris Clemons 993 Campbell SR
14%
2002 Jason Conley 820 VMI FR
5%
2012 Reggie Hamilton 942 Oakland SR
5%
2008 Reggie Williams 695 VMI SR
5%
2007 Reggie Williams 928 VMI JR
5%
2010 Aubrey Coleman 896 Houston SR
0%
2000 Courtney Alexander 669 Fresno State SR
0%
2013 Erick Green 801 Virginia Tech SR
0%
2016 James Daniel III 812 Howard JR
0%
2005 Keydren Clark 721 Saint Peter's JR
0%
2004 Keydren Clark 775 Saint Peter's SO
0%
2017 Marcus Keene 959 Central Michigan JR
0%
2022 Peter Kiss 680 Bryant SR
0%
2001 Ronnie McCollum 787 Centenary SR
0%
2003 Ruben Douglas 783 New Mexico SR
0%
2015 Tyler Harvey 738 Eastern Washington JR
0%
No matching quizzes found
Score Distribution
Percent of People with Each Score
Percentile by Number Answered
Your Score History
You have not taken this quiz